书目信息 |
| 题名: |
大学生心理发展及素质培养
|
|
| 作者: | 刘金同 , 李莉 主编 | |
| 分册: | ||
| 出版信息: | 北京 北京大学出版社 2006 |
|
| 页数: | 190页 | |
| 开本: | 26cm | |
| 丛书名: | ||
| 单 册: | ||
| 中图分类: | B844.2 , G640 | |
| 科图分类: | ||
| 主题词: | 大学生--心理卫生--高等教育--教材 , 大学生--素质教育--高等教育--教材 , 大学生 , 心理卫生 , 素质教育 | |
| 电子资源: | ||
| ISBN: | 7-301-10773-0 | |
| 000 | 01083nam0 2200301 450 | |
| 001 | 1248256528 | |
| 005 | 20121003132507.03 | |
| 010 | @a7-301-10773-0@dCNY19.00 | |
| 100 | @a20070327d2006 em y0chiy50 ea | |
| 101 | 0 | @achi |
| 102 | @aCN@b110000 | |
| 105 | @ay z 000yy | |
| 200 | 1 | @a大学生心理发展及素质培养@9da xue sheng xin li fa zhan ji su zhi pei yang@f刘金同,李莉主编 |
| 210 | @a北京@c北京大学出版社@d2006 | |
| 215 | @a190页@d26cm | |
| 300 | @a21世纪全国高职高专公共课程规划教材 | |
| 330 | @a本书介绍了心理健康的概念,大学生中常见的心理障碍及特点,重点围绕大学生的适应心理、学习心理、自我意识的发展、人格发展、挫折心理、人际交往、恋爱及性心理、择业求职等方面进行深入分析探讨并提出多种调试方法。 | |
| 606 | 0 | @a大学生@x心理卫生@x高等教育@j教材 |
| 606 | 0 | @a大学生@x素质教育@x高等教育@j教材 |
| 606 | 0 | @a大学生 |
| 606 | 0 | @a心理卫生 |
| 606 | 0 | @a素质教育 |
| 690 | @aB844.2@v4 | |
| 690 | @aG640@v4 | |
| 701 | 0 | @a刘金同@9liu jin tong@4主编 |
| 701 | 0 | @a李莉@9li li@c(大学生教育)@4主编 |
| 801 | 0 | @aCN@b91MARC@c20101222 |
| 905 | @a10447@dB844.2@eJY280 | |
| 大学生心理发展及素质培养/刘金同,李莉主编.-北京:北京大学出版社,2006 |
| 190页;26cm |
| 21世纪全国高职高专公共课程规划教材 |
| ISBN 7-301-10773-0:CNY19.00 |
| 本书介绍了心理健康的概念,大学生中常见的心理障碍及特点,重点围绕大学生的适应心理、学习心理、自我意识的发展、人格发展、挫折心理、人际交往、恋爱及性心理、择业求职等方面进行深入分析探讨并提出多种调试方法。 |
| ● |
| 相关链接 |
|
|
|
|
正题名:大学生心理发展及素质培养
索取号:B844.2/JY280
 
预约/预借
| 序号 | 登录号 | 条形码 | 馆藏地/架位号 | 状态 | 备注 |
| 1 | 7830470 | 278304700 | 学院路分馆/ [索取号:B844.2/JY280] | 在馆 | |
| 2 | 7830471 | 278304719 | 学院路分馆/ [索取号:B844.2/JY280] | 在馆 | |
| 3 | 7830472 | 278304728 | 学院路分馆/ [索取号:B844.2/JY280] | 在馆 | |
| 4 | 7830473 | 278304737 | 学院路分馆/ [索取号:B844.2/JY280] | 在馆 |